Statystyki dla Najszcześliwsze kraje świata 2023

Kliknij tutaj aby rozwiązać quiz!

Ogólne statystyki

  • Ten quiz został rozwiązany 51 razy
  • Średni wynik to 15 z 20

Statystyki odpowiedzi

HintOdpowiedź% Poprawnych
1.Finlandia
93%
7.Norwegia
93%
6.Szwecja
91%
15.Stany Zjednoczone
89%
5.Holandia
87%
12.Australia
84%
2.Dania
84%
16.Niemcy
82%
13.Kanada
80%
8.Szwajcaria
80%
9.Luksemburg
78%
17.Belgia
76%
3.Islandia
76%
18.Czechy
73%
11.Austria
71%
10.Nowa Zelandia
67%
14.Irlandia
62%
19.Wielka Brytania
62%
20.Litwa
53%
4.Izrael
42%

Rozkład punktacji

Percentyl według liczby udzielonych odpowiedzi

Procent ludzi z każdym wynikiem

Twoja historia wyników

Nie rozwiązałeś tego quizu